000
00213nam a22000857a 4500
008
170121b xxu||||| |||| 00| 0 eng d
100
_9
2521
_a
Bose.N.
245
_a
The Perfume of Promise
260
_a
New Delhi
_b
Lifi
_c
2013
999
_c
5605
_d
5605